LEADER 01757nam 2200433 a 450 001 9910702463803321 005 20130114144842.0 035 $a(CKB)5470000002427529 035 $a(OCoLC)824172604 035 $a(EXLCZ)995470000002427529 100 $a20130114d1983 ua 0 101 0 $aeng 135 $aurbn||||||||| 181 $ctxt$2rdacontent 182 $cc$2rdamedia 183 $acr$2rdacarrier 200 10$aDischarge status of inpatients discharged from short-stay hospitals$b[electronic resource] $eUnited States, 1965-81 /$fby Robert Pokras 210 1$a[Hyattsville, Md.] :$c[U.S. Dept. of Health and Human Services, Public Health Service, National Center for Health Statistics],$d[1983] 215 $a1 online resource (8 pages) $cillustrations 225 1 $aNCHS advancedata ;$vno. 94 225 1 $aDHHS publication ;$vno. (PHS) 84-1250 300 $aTitle from title screen (viewed Nov. 14, 2012). 300 $a"Division of Health Care Statistics." 300 $a"November 22, 1983." 320 $aIncludes bibliographical references. 517 $aDischarge status of inpatients discharged from short-stay hospitals 606 $aHospitals$xAdmission and discharge$zUnited States$vStatistics 606 $aHospital utilization$zUnited States$vStatistics 608 $aStatistics.$2lcgft 615 0$aHospitals$xAdmission and discharge 615 0$aHospital utilization 700 $aPokras$b Robert$01398436 712 02$aNational Center for Health Statistics (U.S.).$bDivision of Health Care Statistics. 801 0$bGPO 801 1$bGPO 906 $aBOOK 912 $a9910702463803321 996 $aDischarge status of inpatients discharged from short-stay hospitals$93461686 997 $aUNINA